Statistics for New York Rangers Captains

Click here to take the quiz!

General Stats

  • This quiz has been taken 103 times
  • The average score is 9 of 23

Answer Stats

YearsAnswer% Correct
1992-97Mark Messier
96%
2001-04Mark Messier
96%
1998-00Brian Leetch
76%
2012-14Ryan Callahan
67%
2015-18Ryan McDonagh
65%
2007-08Jaromír Jágr
61%
2009-11Chris Drury
45%
1962-64Andy Bathgate
37%
1975-76Brad Park
37%
1976-78Phil Esposito
35%
1956-57Harry Howell
33%
1972-74Vic Hadfield
31%
1987Ron Greschner
29%
1927-37Bill Cook
25%
1988-91Kelly Kisio
22%
1979-80Dave Maloney
19%
1981-86Barry Beck
17%
1981Walt Tkaczuk
14%
1966-71Bob Nevin
12%
1965Camille Henry
11%
1952-53Allan Stanley
8%
1943-45Ehrhardt Heller
8%
1946-48Neil Colville
8%

Score Distribution

Percentile by Number Answered

Percent of People with Each Score

Your Score History

You have not taken this quiz